Countries Closest to Territories #2: American Samoa - Statistics

General Stats
  • This quiz has been taken 53 times
    44 since last reset
  • The average score is 12 of 15
Answer Stats
Distance (km) Answer % Correct
143 Samoa
97%
4,077 Australia
94%
3,295 New Zealand
94%
632 Tonga
88%
1,081 Fiji
85%
1,553 Tuvalu
85%
4,296 Papua New Guinea
82%
2,515 Solomon Islands
82%
4,960 Federated States of Micronesia
79%
5,353 Indonesia
79%
2,358 Vanuatu
79%
1,221 Kiribati
76%
2,566 United States (Hawaii)
70%
6,920 East Timor
55%
8,459 Mexico
42%
No matching quizzes found
Score Distribution
Percent of People with Each Score
Percentile by Number Answered
Your Score History
You have not taken this quiz since the last reset